Central Library OPAC University of Rajshahi

বিএনপি : (Record no. 85312)

MARC details
000 -LEADER
fixed length control field 00927nam a2200241 a 4500
001 - CONTROL NUMBER
control field 85312
003 - CONTROL NUMBER IDENTIFIER
rucl marc code BD-RjUL
005 - DATE AND TIME OF LATEST TRANSACTION
control field 20250724124956.0
008 - FIXED-LENGTH DATA ELEMENTS--GENERAL INFORMATION
fixed length control field 250724s2024 bg ||||| |||| 00| 0 ben d
020 ## - INTERNATIONAL STANDARD BOOK NUMBER
International Standard Book Number 9789849176251:
Terms of availability Tk. 800.00
035 ## - SYSTEM CONTROL NUMBER
System control number (BD-RjUL)85312
040 ## - CATALOGING SOURCE
Original cataloging agency BD-RjUL
Language of cataloging eng
Transcribing agency BD-RjUL
041 ## - LANGUAGE CODE
Language code of text/sound track or separate title ben
082 ## - DEWEY DECIMAL CLASSIFICATION NUMBER
Edition number 23
Classification number 324.25492083
Author mark and year AHB 2024
100 ## - MAIN ENTRY--PERSONAL NAME
Personal name আহমদ, মহিউদ্দিন,
Dates associated with a name ১৯৫২-
9 (RLIN) 16253
245 ## - TITLE STATEMENT
Title বিএনপি :
Remainder of title সময়-অসময় /
Statement of responsibility, etc. মহিউদ্দিন আহমদ
250 ## - EDITION STATEMENT
Edition statement ৫ম. সং.
260 ## - PUBLICATION, DISTRIBUTION, ETC. (IMPRINT)
Place of publication, distribution, etc. ঢাকা :
Name of publisher, distributor, etc. প্রথমা প্রকাশনা,
Date of publication, distribution, etc. ২০২৪
300 ## - PHYSICAL DESCRIPTION
Pagination ৩৬৭ পৃ.:
Illustrations চিত্রসমূহ;
Size ২২ সেমি.
650 ## - SUBJECT ADDED ENTRY--TOPICAL TERM
Topical term or geographic name as entry element বাংলাদেশ জাতীয়তাবাদী দল
9 (RLIN) 16254
Topical term or geographic name as entry element Bangladesh Nationalist Party
9 (RLIN) 16255
942 ## - ADDED ENTRY ELEMENTS (KOHA)
Source of classification or shelving scheme Dewey Decimal Classification
Koha item type Books
Holdings
Lost status Source of classification or shelving scheme Damaged status Not for loan Collection code Permanent Location Current Location Shelving location Date acquired Source of acquisition Cost, normal purchase price Total Checkouts Full call number Date last seen Copy number Koha item type Date checked out
  Dewey Decimal Classification   Not For Loan Non-fiction Central Library, University of Rajshahi Central Library, University of Rajshahi Reading Room 22/07/2025 Biddasagar, Rajshahi 600.00   B 324.25492083 AHB 2024 24/07/2025 C-1 Books  
  Dewey Decimal Classification     Non-fiction Central Library, University of Rajshahi Central Library, University of Rajshahi General Stacks 22/07/2025 Biddasagar, Rajshahi 600.00 1 B 324.25492083 AHB 2024 05/11/2025 C-2 Books 21/10/2025